<?xml version="1.0" encoding="UTF-8"?><?xml-stylesheet type="text/xsl" href="static/style.xsl"?><OAI-PMH xmlns="http://www.openarchives.org/OAI/2.0/" xmlns:xsi="http://www.w3.org/2001/XMLSchema-instance" xsi:schemaLocation="http://www.openarchives.org/OAI/2.0/ http://www.openarchives.org/OAI/2.0/OAI-PMH.xsd"><responseDate>2026-04-28T18:37:24Z</responseDate><request verb="GetRecord" identifier="oai:riubu.ubu.es:10259/8489" metadataPrefix="marc">https://riubu.ubu.es/oai/request</request><GetRecord><record><header><identifier>oai:riubu.ubu.es:10259/8489</identifier><datestamp>2024-01-27T01:05:23Z</datestamp><setSpec>com_10259_7859</setSpec><setSpec>com_10259_5086</setSpec><setSpec>com_10259_2604</setSpec><setSpec>com_10259_4386</setSpec><setSpec>col_10259_8280</setSpec><setSpec>col_10259_8483</setSpec></header><metadata><record xmlns="http://www.loc.gov/MARC21/slim" xmlns:doc="http://www.lyncode.com/xoai" xmlns:xsi="http://www.w3.org/2001/XMLSchema-instance" xmlns:dcterms="http://purl.org/dc/terms/" xsi:schemaLocation="http://www.loc.gov/MARC21/slim http://www.loc.gov/standards/marcxml/schema/MARC21slim.xsd">
<leader>00925njm 22002777a 4500</leader>
<datafield tag="042" ind1=" " ind2=" ">
<subfield code="a">dc</subfield>
</datafield>
<datafield tag="720" ind1=" " ind2=" ">
<subfield code="a">Ortega Camarero, María Teresa</subfield>
<subfield code="e">author</subfield>
</datafield>
<datafield tag="720" ind1=" " ind2=" ">
<subfield code="a">Baños Martínez, Vanesa</subfield>
<subfield code="e">author</subfield>
</datafield>
<datafield tag="260" ind1=" " ind2=" ">
<subfield code="c">2022</subfield>
</datafield>
<datafield tag="520" ind1=" " ind2=" ">
<subfield code="a">Interdisciplinary education is presented as an opportunity to address the challenges of education, especially in the case of the most vulnerable groups. People with intellectual disabilities, because of their specific cognitive processes that influence their learning, have particulary suffered the consequences of school exclusion. In recent years, international treaties have addressed the inclusive education of people with disabilities as one of the problems to be tackled, in a context of diversity and learning for all, and at all stages of life. In the face of difficulties, the foundations that define interdisciplinary education make it a good practice for achieving equal educational opportunities, by addressing content in a holistic way that is close to real problems. This chapter delves into interdisciplinary education as a strategy available for the learning of people with intellectual disabilities, under the approach of the social and rights model, establishing links between the context and the person through new approaches, this offering a new framework of opportunities for lifelong, quality and inclusive learning.</subfield>
</datafield>
<datafield tag="024" ind2=" " ind1="8">
<subfield code="a">978-3-031-08696-0</subfield>
</datafield>
<datafield tag="024" ind2=" " ind1="8">
<subfield code="a">2662-9461</subfield>
</datafield>
<datafield tag="024" ind2=" " ind1="8">
<subfield code="a">http://hdl.handle.net/10259/8489</subfield>
</datafield>
<datafield ind1=" " ind2=" " tag="653">
<subfield code="a">Interdisciplinary teaching</subfield>
</datafield>
<datafield ind1=" " ind2=" " tag="653">
<subfield code="a">Disabled people</subfield>
</datafield>
<datafield ind1=" " ind2=" " tag="653">
<subfield code="a">Inclusive education</subfield>
</datafield>
<datafield ind1=" " ind2=" " tag="653">
<subfield code="a">Lifelong learning</subfield>
</datafield>
<datafield tag="245" ind1="0" ind2="0">
<subfield code="a">The Contribution of Interdisciplinary Education to the Development of Students Competences with Intellectual Disabilities. An Analysis from the Social and Rights Model</subfield>
</datafield>
</record></metadata></record></GetRecord></OAI-PMH>